| 000 | 00402nam a2200157Ia 4500 | ||
|---|---|---|---|
| 005 | 20250729165518.0 | ||
| 008 | 250729s2005 xx 000 0 und d | ||
| 041 | _aeng | ||
| 082 | _a370.78 MADA | ||
| 100 |
_aMadhubala _9225637 |
||
| 245 | _aAdjustment problems of hearing Impaired | ||
| 260 |
_aNew Delhi _c2005 |
||
| 300 | _a103p | ||
| 650 |
_aEducation _9225638 |
||
| 700 |
_aRao Digumurhi _9225639 |
||
| 999 |
_c237015 _d237015 |
||